000 01021nam a2200277 a 4500
001 000014915
005 20250129182520.0
008 100127s2007 dr a r 001 0 spa d
020 _a9789993462903
040 _aDO-SdBNP
_bspa
_cBNPHU
082 _aRD861.44
_bC433c
100 1 _aChahín, Plinio,
_d1959-
_924881
245 1 0 _aCabaret místico /
_cPlinio Chahín ; ilustraciones Hilario Olivo.
260 _aSanto Domingo :
_bUniversitaria,
_c2007.
300 _a215 p. ;
_c23 cm.
490 1 _aPublicaciones de la Universidad Autónoma de Santo Domingo
_v1323
490 1 _aLiteratura y sociedad
_v76
500 _aIncluye datos biográficos del autor en las solapas
590 _aInventariado, 2018/BT
650 0 _aPoesía dominicana
_966
650 0 _aLiteratura dominicana.
_967
700 1 _aOlivo, Hilario,
_eil.
_933763
830 0 _aPublicaciones de la Universidad Autónoma de Santo Domingo
_n1323
_933764
830 0 _aLiteratura y sociedad
_n76
_933765
910 _aValidado. Control de calidad. MMOLINA
999 _c14495
_d14495